| 000 | 00736nam a22002537a 4500 | ||
|---|---|---|---|
| 005 | 20161102150101.0 | ||
| 008 | 150303b xxu||||| |||| 00| 0 ES d | ||
| 041 | _aspa | ||
| 082 | _a155.4 M644h | ||
| 100 |
_aMilicic, Neva _929973 |
||
| 245 | _aHijos con autoestima positiva: guía para pobres | ||
| 260 |
_aColombia _bNorma _c2010 |
||
| 300 | _a328 páginas | ||
| 650 |
_aAUTOESTIMA _9460 |
||
| 650 |
_aAUTOESTIMA EN NIÑOS _929974 |
||
| 650 |
_aPSICOLOGÍA INFANTIL _929975 |
||
| 650 |
_aAUTOESTIMA POSITIVA _929976 |
||
| 650 |
_aAUTOESTIMA NEGATIVA _929977 |
||
| 650 |
_aDESARROLLO EMOCIONAL _929978 |
||
| 650 |
_aFAMILIA _929979 |
||
| 650 |
_aCOMUNICACIÓN _9490 |
||
| 650 |
_aDESARROLLO SOCIOEMOCIONAL _915514 |
||
| 942 | _cBK | ||
| 999 |
_c3546 _d3546 |
||